00638 2200229 4500001002100000005001700021008004100038035002400079090001800103100001900121245009100140250001100231260003100242300001800273500002900291650002200320850001500342980001500357985000600372999001500378999001500393YOGYA-0209000002344520090227023755.0 ind  0010-020900000023445 a352bSuj PlT aSUJITO, Irawan aPengawasan terhadap peraturan daerah dan keputusan kepala daerahcoleh, Irawan Soejito aCet. 1 aJakartabBina Aksarac1983 a88 hlmc21 cm aBibliografi : hlm. 87-88 aPemerintah Daerah aYOPDYOG(B) a02-17-2007 a2 a06A0019888 a06A0019889